Quizzes
Events
Quiz Creation
Community
Videos
Private Events
Remove Ads
Sign In
Join for FREE
Feedback
Dark Mode
Quiz Categories
Sports
Geography
Music
Movies
Television
Just For Fun
Miscellaneous
History
Literature
Language
Science
Gaming
Entertainment
Religion
Holiday
For Kids
Quiz Lab
Recent
Popular Today
Quiz Kudos Today
Editor Picks
Curator Picks
Quizzes by...
Day
Popularity
Type
Ratings
Length
Year
Community
Subscriptions
Recent Discussions
Orange Saloon
Badges
Playlists
Quests
Create
Leaderboards
Showdown
Live 5
Trivia Bingo
Activity
Puzzle Library
Sporcle Events
Private Events
Virtual Trivia
Globe League
Become a Host
Pub Owners
SporcleCon
Opinionation
Our Games
Videos
Blog
Mobile Apps
Partnerships
Remove Ads and Go Orange
Feedback
Music
Pop Music
The Beatles
Song
Album
Lyrics
Bands
Singers
Artist
Clip
Rock
Rap
Classical
Billboard
Country Music
Kpop
Taylor Swift
Music
Pop Music
The Beatles
Song
Album
Lyrics
Bands
Singers
Artist
Clip
Rock
Rap
Classical
Billboard
Country Music
Kpop
Taylor Swift
Random Quiz
Search Sporcle
×
Quiz Lab
Quiz Lab
Music
Hip-Hop
Type in answers that appear in a list
Type in answers that appear in a list
Classic
Best Score? Go Orange.
Locations Mentioned on Midnight Marauders Stats
Can you name the Locations Mentioned on Midnight Marauders?
By
jozefkrichards
8m
61 Questions
17 Plays
17 Plays
17 Plays
Comments
Comments
Give Quiz Kudos
Give Quiz Kudos
-
- Ratings
hide this ad
More Info
Replay
Link that replays current quiz
Next Quiz
Link to next quiz in quiz playlist
You Got
0%
They Got
Avg Score
51%
Avg Friend Score
Upgrade to see
Score Distribution
Jump to the score distribution portion of the page
Score
0/61
Timer
08:00
0
Plays Today
Track
Location
% Correct
3. Award Tour
Brooklyn
94.1%
9. Clap Your Hands
Brooklyn
94.1%
12. The Chase Pt II
Brooklyn
94.1%
2. Steve Biko
Queens
88.2%
2. Steve Biko
New York
88.2%
3. Award Tour
New York
88.2%
3. Award Tour
Queens
88.2%
5. Sucka ****
Queens
88.2%
8. Electric Relaxation
New York
88.2%
10. Oh My God
Queens
88.2%
12. The Chase Pt II
Queens
88.2%
14. God Lives Through
Queens
88.2%
14. God Lives Through
New York
88.2%
3. Award Tour
Los Angeles
82.4%
12. The Chase Pt II
Los Angeles
82.4%
14. God Lives Through
Los Angeles
82.4%
3. Award Tour
London
70.6%
11. Keep It Rollin'
London
70.6%
12. The Chase Pt II
London
70.6%
3. Award Tour
Dallas
64.7%
3. Award Tour
New Jersey
58.8%
3. Award Tour
San Francisco
58.8%
3. Award Tour
Tokyo
58.8%
3. Award Tour
Washington D.C.
58.8%
3. Award Tour
Detroit
58.8%
9. Clap Your Hands
New Jersey
58.8%
12. The Chase Pt II
New Jersey
58.8%
14. God Lives Through
New Jersey
58.8%
3. Award Tour
Virginia
52.9%
14. God Lives Through
The Bronx
52.9%
3. Award Tour
North Carolina
47.1%
Track
Location
% Correct
3. Award Tour
Houston
47.1%
12. The Chase Pt II
Houston
47.1%
2. Steve Biko
Linden Blvd.
41.2%
3. Award Tour
Oakland
41.2%
3. Award Tour
Delaware
41.2%
14. God Lives Through
Long Island
41.2%
14. God Lives Through
Oakland
41.2%
3. Award Tour
Maryland
35.3%
3. Award Tour
New Orleans
35.3%
10. Oh My God
Jamaica
35.3%
14. God Lives Through
Jamaica
35.3%
14. God Lives Through
Georgia
35.3%
3. Award Tour
Spokane
29.4%
3. Award Tour
Chinatown
29.4%
3. Award Tour
South Carolina
29.4%
12. The Chase Pt II
Philadelphia
29.4%
14. God Lives Through
Philadelphia
29.4%
3. Award Tour
St. John
23.5%
11. Keep It Rollin'
Brazil
23.5%
11. Keep It Rollin'
Denver
23.5%
12. The Chase Pt II
Egypt
23.5%
9. Clap Your Hands
Russia
17.6%
11. Keep It Rollin'
Russia
17.6%
11. Keep It Rollin'
Sweden
17.6%
12. The Chase Pt II
Sweden
17.6%
14. God Lives Through
Milwaukee
17.6%
10. Oh My God
Santo Domingo
11.8%
10. Oh My God
Grenada
11.8%
12. The Chase Pt II
Mt. Vernon
11.8%
12. The Chase Pt II
Nigeria
5.9%
Quiz Playlist
Details
Report
Send in Message
Add To Playlist
More Info:
Name every neighborhood, city, state, & country mentioned by A Tribe Called Quest on their album, "Midnight Marauders".
Classic:
Type in answers that appear in a list
Last Updated: Feb 16, 2017
Quiz Scoreboard
CHALLENGE
Sign Up to Join the Scoreboard
Show All
Scores
Hide
Comments
May contain spoilers
Recently Published
Presidents Visiting Landmarks
by Hejman
History
7m
An Introduction to Baseball
by treessimontrees
Sports
5m
Movies - When Are They Set?
by FPL_Elf
Movies
5m
More to Explore
Quiz From the Vault
Featured Blog Post
Where Did the Easter Bunny Come From?
hide this ad
You Might Also Like...
Tags
Hip-Hop
Today's Top Quizzes in Music
Browse Music
hide this ad
Today's Top Quizzes in Hip-Hop
Browse Hip-Hop
Top Contributed Quizzes in Music
1
Taylor Swift All Songs (2024)
2
Guess the Artist- 70s Songs
3
One Thing in Common: Music
4
KPOP LOGIC QUIZ
5
2010s Album by Cover III
6
Taylor Swift Logic Puzzle
7
Guess the Taylor Swift song (Mystery Song)
8
7-to-1: Billboard Hot 100 #1 Hits of 2010s
9
2010s Album by Cover IV
10
2010s Album by Cover V
Explore More
Trending Topics
Crossword
Kpop
Harry Potter
Marvel
Disney
Anime
NBA
Country
WWE
Soccer
NFL
The Office
Puzzle
Song
Pokémon
hide this ad
More By:
jozefkrichards
Quiz
Plays
Rating
Category
Featured
Created
NBA's Longest-Held Players on Each Team (Current)
72,355
3.76
Sports
Sep 9, 2012
Deceased Musician Logic Puzzle
23,058
4.12
Music
Mar 30, 2013
NBA's Greatest Single-Season Win Shares (1962-2012)
7,310
4.50
Sports
Sep 12, 2012
NBA Longest Held Players Ever on Each Team
3,143
3.82
Sports
Sep 10, 2012
NFL Logos as Pixel Art
3,138
4.83
Sports
Mar 9, 2023
Go to Creator's Profile
Score Distribution
Quiz Creator Spotlight
jozefkrichards
Follow
Send a Message
Quizzes Created
-
Created Quiz Play Count
-
More By This Creator
Popular Quizzes Today
1
Find the Countries of Europe - No Outlines Minefield
2
Find the US States - No Outlines Minefield
3
The Countries of the World
4
Popular People in 1961
5
Find the US States
6
US States
7
Risky Map Clicking: Biggest States A-Z
8
1-10 Letter E Words III
More Music Quizzes
Dancer/Choreographer Music Videos II
Editor's Pick
Trending Quizzes
Risky Map Clicking: Least Populous States A-Z
1-10 Letter F Words
1-10 Letter G Words
One Thing in Common: United Kingdom
Risky Map Clicking: Next State Alphabetically
Recently Updated
Leaping Animals
pecheneg
Reality TV Shows (A-Z)
bhenderson79
Rickey Henderson's Hall of Fame Teammates
pecheneg
Champions League XIs: Arsenal
pecheneg
Quick Pick: Celebrities in WWE's Hall of Fame
aduchscher
A-Z Keypad Blitz II
pecheneg
Multiple Oscar Actors
pecheneg
Mystery Phrase Blitz: Oscar 'Best Actors'
pecheneg
F. Scott Fitzgerald Novels
LTH
Pick 3 Villains
ddd62291
Trending Topics
Crossword
Anime
Disney
Kpop
Marvel
Harry Potter
NBA
NFL
Soccer
Country
Puzzle
WWE
Song
Pokémon
The Office
Your Account Isn't Verified!
In order to create a playlist on Sporcle, you need to verify the email address you used during registration. Go to your
Sporcle Settings
to finish the process.
Report this User
Report this user for behavior that violates our
Community Guidelines
.
Details:
Send Report
Go to the Sporcle.com Mobile Site →
Comments